کیر لہ میں اردو / (Record no. 104253)

MARC details
000 -LEADER
fixed length control field 00665nam a22001937a 4500
005 - DATE AND TIME OF LATEST TRANSACTION
control field 20230202123558.0
010 ## - LCCN (DPL NO)
LC control number UR-9532
020 ## - INTERNATIONAL STANDARD BOOK NUMBER
International Standard Book Number 9789350738078
Terms of availability 180.00
035 ## - SYSTEM CONTROL NUMBER
System control number U-8087
037 ## - SOURCE OF ACQUISITION
Source of stock number/acquisition DBAD/PUB
082 ## - DEWEY DECIMAL CLASSIFICATION NUMBER
Classification number 440.33
100 ## - MAIN ENTRY--PERSONAL NAME
Personal name ر یا ض ا حمد
245 ## - TITLE STATEMENT
Title کیر لہ میں اردو /
Statement of responsibility, etc ر یا ض ا حمد
246 ## - VARYING FORM OF TITLE
Title proper/short title Kerala Mein Urdu /
Remainder of title By Riyaz Ahmad
260 ## - PUBLICATION, DISTRIBUTION, ETC. (IMPRINT)
Place of publication, distribution, etc دہلی
Name of publisher, distributor, etc ا یجو کیشنل پبلشنگ ہا ؤ س
Date of publication, distribution, etc 2016 ء
270 ## - ADDRESS
Address ٣١٩١،وکیل سٹریٹ،کچہ پنڈت ، لال کان
City دھلی
Postal code 110006
Telephone number 23216162
300 ## - PHYSICAL DESCRIPTION
Extent 183ص
Dimensions 22cm(Hb)
942 ## - ADDED ENTRY ELEMENTS (KOHA)
Source of classification or shelving scheme Dewey Decimal Classification
Item type Urdu Bks
Classification part 440.33
Call number suffix ر ی ا
Holdings
Withdrawn status Lost status Not for loan Collection code Home library Current library Date acquired Source of acquisition Cost, normal purchase price Full call number Barcode Copy number Cost, replacement price Koha item type
      Non-fiction Patel Nagar Patel Nagar 25/10/2016 DBAD/PUB 180.00 440.33 ر ی ا U-8087 1 180.00 Urdu Bks

© Delhi Public Library
Hit Counter
free hit counter